NPBトレード移籍(2020~) - Statistics

General Stats
  • This quiz has been taken 29 times
  • The average score is 55 of 92
Answer Stats
成立日 Hint ポジション 選手名 % Correct
11月28日 巨人 内野手 山本泰寛
96%
7月28日 ロッテ 投手 山本大貴
96%
6月19日 中日 投手 山本拓実
96%
5月12日 ソフトバンク 内野手 リチャード
96%
5月12日 DeNA 捕手 山本祐大
96%
5月12日 ソフトバンク 投手 尾形崇斗
96%
8月11日 西武 内野手 佐藤龍世
92%
11月2日 日本ハム 内野手 佐藤龍世
92%
5月12日 巨人 投手 大江竜聖
92%
5月12日 巨人 内野手 秋広優人
92%
6月15日 西武 内野手 佐藤龍世
92%
3月11日 日本ハム 捕手 郡拓也
88%
11月14日 阪神 投手 島本浩也
88%
11月14日 日本ハム 捕手 伏見寅威
88%
5月12日 ソフトバンク 内野手 井上朋也
88%
6月15日 中日 捕手 加藤匠馬
84%
6月15日 ロッテ 外野手 加藤翔平
84%
12月26日 ロッテ 捕手 加藤匠馬
84%
6月19日 中日 捕手 郡司裕也
84%
4月12日 日本ハム 投手 杉浦稔大
84%
10月18日 阪神 投手 齋藤友貴哉
80%
11月10日 オリックス 投手 齋藤綱記
80%
6月19日 日本ハム 投手 齋藤綱記
80%
3月11日 巨人 内野手 若林晃弘
80%
6月24日 西武 外野手 若林楽人
80%
11月15日 中日 内野手 阿部寿樹
76%
6月19日 日本ハム 捕手 宇佐見真吾
76%
6月24日 巨人 外野手 松原聖弥
76%
5月30日 中日 投手 岩嵜翔
76%
11月15日 楽天 投手 涌井秀章
72%
11月18日 中日 内野手 京田陽太
72%
5月1日 西武 内野手 山野辺翔
72%
3月1日 ヤクルト 内野手 廣岡大志
68%
11月18日 DeNA 投手 砂田毅樹
68%
5月17日 巨人 内野手 廣岡大志
68%
12月21日 ヤクルト 内野手 元山飛優
68%
7月5日 ソフトバンク 内野手 野村大樹
68%
12月23日 ソフトバンク 内野手 三森大貴
68%
7月14日 楽天 投手 高梨雄平
64%
9月29日 巨人 捕手 田中貴也
64%
11月10日 日本ハム 捕手 石川亮
64%
7月3日 巨人 外野手 石川慎吾
64%
7月28日 DeNA 内野手 伊藤裕季也
60%
10月18日 阪神 外野手 江越大賀
60%
11月2日 広島 外野手 長野久義
60%
7月18日 中日 内野手 髙松渡
60%
11月5日 ソフトバンク 投手 高橋礼
60%
11月5日 ソフトバンク 投手 泉圭輔
60%
7月5日 西武 投手 齊藤大将
60%
12月23日 DeNA 投手 濵口遥大
60%
7月28日 ヤクルト 投手 坂本光士郎
56%
10月18日 日本ハム 内野手 渡邉諒
56%
7月18日 西武 外野手 川越誠司
56%
11月5日 巨人 外野手 ウォーカー
56%
11月8日 オリックス 投手 近藤大亮
56%
9月7日 巨人 投手 澤村拓一
52%
3月1日 巨人 投手 田口麗斗
52%
7月4日 巨人 捕手 炭谷銀仁朗
52%
7月8日 オリックス 外野手 後藤駿太
52%
7月28日 楽天 投手 森原康平
52%
12月21日 西武 投手 宮川哲
52%
12月6日 ヤクルト 投手 今野龍太
52%
6月25日 楽天 内野手 ウィーラー
48%
8月20日 日本ハム 内野手 中田翔
48%
5月17日 オリックス 投手 鈴木康平
48%
11月24日 日本ハム 投手 吉田輝星
48%
6月25日 巨人 投手 池田駿
44%
2月27日 楽天 投手 池田隆英
44%
6月14日 DeNA 投手 国吉佑樹
44%
8月11日 日本ハム 内野手 平沼翔太
44%
9月7日 ロッテ 内野手 香月一也
40%
11月2日 西武 内野手 山田遥楓
40%
7月14日 巨人 投手 髙田萌生
36%
6月14日 ロッテ 投手 有吉優樹
36%
10月18日 日本ハム 内野手 髙濱祐仁
36%
7月2日 阪神 外野手 中谷将大
32%
8月11日 日本ハム 投手 公文克彦
32%
3月6日 ロッテ 内野手 福田光輝
32%
7月26日 DeNA 投手 阪口皓亮
32%
7月26日 ヤクルト 内野手 西浦直亨
32%
9月21日 広島 投手 DJ.ジョンソン
32%
11月19日 日本ハム 投手 吉川光夫
28%
2月27日 日本ハム 内野手 横尾俊建
28%
7月2日 ソフトバンク 投手 二保旭
28%
8月11日 西武 外野手 木村文紀
28%
7月8日 中日 内野手 石岡諒太
28%
3月6日 日本ハム 投手 西村天裕
28%
7月3日 ロッテ 投手 小沼健太
28%
11月24日 オリックス 投手 黒木優太
28%
4月17日 阪神 投手 谷川昌希
20%
8月28日 阪神 投手 飯田優也
16%
8月28日 オリックス 投手 小林慶祐
16%
No matching quizzes found
Score Distribution
Percent of People with Each Score
Percentile by Number Answered
Your Score History
You have not taken this quiz